Central Library OPAC University of Rajshahi

Pakistan Observer/ (Record no. 38034)

MARC details
000 -LEADER
fixed length control field 00474namaa2200181 a 4500
001 - CONTROL NUMBER
control field 38034
003 - CONTROL NUMBER IDENTIFIER
rucl marc code BD-RjUL
005 - DATE AND TIME OF LATEST TRANSACTION
control field 20211209052717.0
008 - FIXED-LENGTH DATA ELEMENTS--GENERAL INFORMATION
fixed length control field 150830b bg ||||gr|||| 00| 0 eng d
035 ## - SYSTEM CONTROL NUMBER
System control number (BD-RjUL)38139
040 ## - CATALOGING SOURCE
Original cataloging agency BD-RjU
Language of cataloging eng
082 ## - DEWEY DECIMAL CLASSIFICATION NUMBER
Edition number 22
Classification number 079.5492
Author mark and year PAK
245 ## - TITLE STATEMENT
Title Pakistan Observer/
Statement of responsibility, etc. Shamsul Islam
260 ## - PUBLICATION, DISTRIBUTION, ETC. (IMPRINT)
Place of publication, distribution, etc. Karachi :
Name of publisher, distributor, etc. Shamsul Islam,
650 ## - SUBJECT ADDED ENTRY--TOPICAL TERM
Topical term or geographic name as entry element Daily Newspaper
Geographic subdivision Pakistan
9 (RLIN) 117776
700 ## - ADDED ENTRY--PERSONAL NAME
Personal name Islam, Shamsul.
942 ## - ADDED ENTRY ELEMENTS (KOHA)
Source of classification or shelving scheme Dewey Decimal Classification
Koha item type Newspapers
Holdings
Lost status Source of classification or shelving scheme Damaged status Not for loan Permanent Location Current Location Shelving location Date acquired Total Checkouts Full call number Date last seen Copy number Koha item type
  Dewey Decimal Classification   Not For Loan Central Library, University of Rajshahi Central Library, University of Rajshahi Newspapers Stack 30/08/2015   P 079.5492 PAK V.1 Oct. 1952-Dec. 1952 30/08/2015 C.1 Newspapers